Strategic management : (Record no. 2171)

MARC details
000 -LEADER
fixed length control field 00581cam a2200193 4500
001 - CONTROL NUMBER
control field 2711
005 - DATE AND TIME OF LATEST TRANSACTION
control field 20181127165547.0
008 - FIXED-LENGTH DATA ELEMENTS--GENERAL INFORMATION
fixed length control field 040226s2005 njua b 001 0 eng
010 ## - LIBRARY OF CONGRESS CONTROL NUMBER
LC control number 2004044527
020 ## - INTERNATIONAL STANDARD BOOK NUMBER
International Standard Book Number 9788120343382
100 1# - MAIN ENTRY--PERSONAL NAME
Personal name David, Fred R.
245 10 - TITLE STATEMENT
Title Strategic management :
Remainder of title concepts and cases /
Statement of responsibility, etc. Fred R. David.
250 ## - EDITION STATEMENT
Edition statement 13th ed.
260 ## - PUBLICATION, DISTRIBUTION, ETC.
Place of publication, distribution, etc. New Delhi :
Name of publisher, distributor, etc. PHI Learning,
Date of publication, distribution, etc. 2011.
300 ## - PHYSICAL DESCRIPTION
Extent v. :
Other physical details ill. ;
Dimensions 26 cm.
504 ## - BIBLIOGRAPHY, ETC. NOTE
Bibliography, etc. note Includes bibliographical references and indexes.
650 #0 - SUBJECT ADDED ENTRY--TOPICAL TERM
Topical term or geographic name entry element Strategic planning
Form subdivision Case studies.
Topical term or geographic name entry element Strategic planning.
Holdings
Withdrawn status Lost status Source of classification or shelving scheme Damaged status Not for loan Collection code Home library Current library Shelving location Serial Enumeration / chronology Inventory number Total Checkouts Total Renewals Full call number Barcode Date last seen Date last checked out Copy number Price effective from Koha item type Date acquired
    Dewey Decimal Classification     Main TEST RTC Library RTC Library Main opac 4876 4 4 658.4 DAV 30002831 07/12/2020 17/11/2020 1 27/11/2018 Main  
    Dewey Decimal Classification     Main TEST RTC Library RTC Library Main opac 6474 2   658.4 DAV 30006592 07/12/2020 17/11/2020 2 27/11/2018 Main  
    Dewey Decimal Classification     CE Textbook RTC Library RTC Library CE Textbook 17132       654.4 DAV c.2 30016153 04/11/2022     04/11/2022 CE Textbook 04/11/2022
    Dewey Decimal Classification     CE Textbook RTC Library RTC Library CE Textbook 17133       654.4 DAV c.3 30015918 04/11/2022     04/11/2022 CE Textbook 04/11/2022
    Dewey Decimal Classification     CE Textbook RTC Library RTC Library CE Textbook 17135       654.4 DAV c.5 30015785 04/11/2022     04/11/2022 CE Textbook 04/11/2022
    Dewey Decimal Classification     CE Textbook RTC Library RTC Library CE Textbook 17134       654.4 DAV c.4 30016469 04/11/2022     04/11/2022 CE Textbook 04/11/2022
    Dewey Decimal Classification     CE Textbook RTC Library RTC Library CE Textbook 17131       654.4 DAV c.1 30015748 04/11/2022     04/11/2022 CE Textbook 04/11/2022
    Dewey Decimal Classification     CE Textbook RTC Library RTC Library CE Textbook 17408       654.4 DAV c.6 30016240 18/11/2022     18/11/2022 CE Textbook 18/11/2022
    Dewey Decimal Classification     CE Textbook RTC Library RTC Library CE Textbook 17409       654.4 DAV c.7 30016216 18/11/2022     18/11/2022 CE Textbook 18/11/2022
Royal Thimphu College || All Right Reserved